000 00674nam a2200217 a 4500
001 000010947
003 DO-SdBNP
005 20240412074221.0
008 091013s1999 dr a r 001 0 spa d
040 _aDO-SdBNP
_bspa
_cBNPHU
082 _aRD861.44
_bS211a
100 1 _aSánchez Roa, Adriano,
_d1956-
_98541
245 1 3 _aEl amor en el rocío de la noche :
_bpoesía /
_cAdriano Sánchez Roa.
260 _aSanto Domingo :
_b[s.n.],
_c1999.
300 _a112 p. :
_bil. ;
_c21 cm.
590 _aInventariado, 2018/BT
650 0 _aPoesía dominicana
_966
650 0 _aLiteratura dominicana.
_967
910 _aValidado. Control de calidad. MMOLINA
942 _2ddc
_cLBS1
999 _c10685
_d10685